00628 a2200181 4500999001500000010001400015020002200029035001300051037001500064082000800079100002300087245006500110260004200175270005800217300003500275942002700310952010900337 c5857d5857 aENG-86984 a812881403c395.00 aEN-70517 bDBAD / PUB14a2601 aNirchhal, Narinder1 aEk onkar satnam :cby Narinder Nirchhalba book on sikhism / aNew DelhibDiamond Pocket Booksc2007 aX-30, Okhla Indl. Area, Phase-II,bNew Delhie110 020 a147p.c24cm (Hb)bcol. photos adplcEN2ddch260mNIR 001040718NFICaDBADbDBADeDBAD/PUBg395.00l0o260 NIRpEN-70517r2008-09-15 00:00:00t1v395.00yEN